[Event "54th Rubinstein Memorial-A 2018"]
[Site "Polanica-Zdroj"]
[Date "2018.08.21"]
[Round "5"]
[White "Mazalon, Mariusz"]
[Black "Frolov, Artur"]
[Result "0-1"]
[WhiteElo "2055"]
[BlackElo "2420"]
[Annotator "ChessBase"]
[PlyCount "84"]
[EventDate "2018.08.18"]
[EventType "swiss"]
[EventCountry "POL"]
[SourceTitle "playchess.com"]
[Source "ChessBase"]
[SourceQuality "1"]
[TimeControl "40/5400+30:1800+30"]

1. d4 {[%emt 0:00:00]} Nf6 {[%emt 0:00:00]} 2. c4 {[%emt 0:00:30]} g6 {[%emt 0:00:00]} 3. Nc3 {[%emt 0:00:13]} Bg7 {[%emt 0:00:00]} 4. e4 {[%emt 0:00:52]} d6 {[%emt 0:00:00]} 5. Bg5 {[%emt 0:01:01]} h6 {[%emt 0:01:15]} 6. Bh4 {[%emt 0:00:25]} c5 {[%emt 0:05:32]} 7. d5 {[%emt 0:01:39]} Qa5 {[%emt 0:01:42]} 8. Qd2 {[%emt 0:13:19]} g5 {[%emt 0:00:12]} 9. Bg3 {[%emt 0:00:11]} Nh5 {[%emt 0:00:04]} 10. Bd3 {[%emt 0:01:11]} Nd7 {[%emt 0:03:12]} 11. Nge2 {[%emt 0:02:22]} Ne5 {[%emt 0:00:51]} 12. O-O {[%emt 0:01:19]} Bd7 {[%emt 0:03:14]} 13. a3 {[%emt 0:13:32]} Nxg3 {[%emt 0:02:00]} 14. Nxg3 {[%emt 0:10:55]} h5 {[%emt 0:07:00]} 15. Be2 {[%emt 0:06:59]} g4 {[%emt 0:07:28]} 16. Nf5 {[%emt 0:06:55]} Bxf5 {[%emt 0:00:25]} 17. exf5 {[%emt 0:00:04]} Nd7 {[%emt 0:00:35]} 18. Qc2 {[%emt 0:06:31]} Bxc3 {[%emt 0:00:16]} 19. bxc3 {[%emt 0:00:04]} O-O-O {[%emt 0:21:03]} 20. Rfb1 {[%emt 0:04:32]} Kb8 {[%emt 0:00:14]} 21. Rb5 {[%emt 0:00:25]} Qc7 {[%emt 0:00:03]} 22. Rab1 {[%emt 0:00:14]} b6 {[%emt 0:00:47]} 23. a4 {[%emt 0:00:06]} a6 {[%emt 0:00:32]} 24. R5b2 {[%emt 0:00:16]} Ka7 {[%emt 0:00:15]} 25. Bd1 {[%emt 0:04:55]} Rb8 {[%emt 0:00:56]} 26. Qe4 {[%emt 0:07:11]} Ne5 {[%emt 0:01:19]} 27. f4 {[%emt 0:01:38]} gxf3 {[%emt 0:00:24]} 28. Bxf3 {[%emt 0:00:27]} h4 {[%emt 0:02:11]} 29. Bd1 {[%emt 0:02:27]} a5 {[%emt 0:02:47]} 30. Rf2 {[%emt 0:00:33]} Rh6 {[%emt 0:00:20]} 31. Rf4 {[%emt 0:03:24]} Rbh8 {[%emt 0:00:07]} 32. Rb2 {[%emt 0:05:24]} Qd8 {[%emt 0:01:59]} 33. Re2 {[%emt 0:01:43]} Qg8 {[%emt 0:01:19]} 34. Qc2 {[%emt 0:01:04]} Qg5 {[%emt 0:01:39]} 35. Ree4 {[%emt 0:00:11]} Rf6 {[%emt 0:08:28]} 36. Bg4 {[%emt 0:02:23]} e6 {[%emt 0:01:29]} 37. dxe6 {[%emt 0:02:46]} fxe6 {[%emt 0:00:01]} 38. Qd2 Nxg4 39. Qxd6 e5 40. Qe7+ Kb8 41. Rxg4 Qc1+ 42. Kf2 Rxf5+ 0-1

[Event "54th Rubinstein Memorial-A 2018"]
[Site "Polanica-Zdroj"]
[Date "2018.08.22"]
[Round "5"]
[White "Harazinska, Magdalena"]
[Black "Nowak, Kamil"]
[Result "0-1"]
[WhiteElo "2035"]
[BlackElo "2313"]
[Annotator "NA"]
[PlyCount "92"]
[EventDate "2018.08.18"]
[EventType "swiss"]
[EventCountry "POL"]
[SourceTitle "playchess.com"]
[Source "ChessBase"]
[SourceQuality "1"]
[TimeControl "40/5400+30:1800+30"]

1. d4 {[%emt 0:00:00]} d5 {[%emt 0:00:00]} 2. c4 {[%emt 0:00:00]} c6 {[%emt 0:00:00]} 3. cxd5 {[%emt 0:00:15]} cxd5 {[%emt 0:00:00]} 4. Nc3 {[%emt 0:00:11]} Nc6 {[%emt 0:00:53]} 5. Nf3 {[%emt 0:00:20]} Nf6 {[%emt 0:00:25]} 6. Bf4 {[%emt 0:00:23]} a6 {[%emt 0:00:30]} 7. Rc1 {[%emt 0:01:15]} Bf5 {[%emt 0:03:44]} 8. e3 {[%emt 0:01:20]} e6 {[%emt 0:00:07]} 9. Qb3 {[%emt 0:00:58]} Ra7 {[%emt 0:09:45]} 10. Be2 {[%emt 0:03:50]} Be7 {[%emt 0:05:08]} 11. O-O {[%emt 0:07:10]} O-O {[%emt 0:01:35]} 12. Na4 {[%emt 0:03:25]} Nd7 {[%emt 0:02:11]} 13. Nc5 $11 {[%emt 0:22:57]} Nxc5 {[%emt 0:01:43]} 14. dxc5 {[%emt 0:00:07]} Bf6 {[%emt 0:00:46]} 15. Bd6 {[%emt 0:14:10]} Re8 {[%emt 0:00:59]} 16. Rfd1 {[%emt 0:04:07]} Qd7 {[%emt 0:02:15]} 17. Qa3 {[%emt 0:07:28]} Raa8 {[%emt 0:06:22]} 18. h3 {[%emt 0:07:19]} h6 {[%emt 0:03:34]} 19. Bd3 {[%emt 0:01:21]} Bxd3 {[%emt 0:07:11]} 20. Rxd3 {[%emt 0:00:03]} Be7 {[%emt 0:03:34]} 21. Bxe7 {[%emt 0:01:49]} Qxe7 {[%emt 0:00:10]} 22. b4 {[%emt 0:01:30]} Rec8 {[%emt 0:05:40]} 23. Rdc3 {[%emt 0:03:10]} Rc7 {[%emt 0:02:03]} 24. Qb3 {[%emt 0:02:37]} Rac8 {[%emt 0:01:09]} 25. a3 {[%emt 0:00:43]} Qf6 {[%emt 0:03:25]} 26. Qd1 {[%emt 0:04:29]} Na7 {[%emt 0:04:53]} 27. a4 {[%emt 0:01:46]} Nc6 {[%emt 0:01:20]} 28. b5 {[%emt 0:00:47]} Na5 {[%emt 0:00:52]} 29. Qd4 {[%emt 0:02:14]} Nc4 {[%emt 0:01:33]} 30. bxa6 {[%emt 0:06:13]} bxa6 {[%emt 0:00:24]} 31. Qxf6 {[%emt 0:01:05]} gxf6 {[%emt 0:00:03]} 32. Rb3 {[%emt 0:01:32]} Rxc5 {[%emt 0:00:35]} 33. Rcb1 {[%emt 0:00:03]} Ne5 {[%emt 0:03:21]} 34. Nd4 {[%emt 0:01:13]} Rc1+ {[%emt 0:01:46]} 35. Rxc1 {[%emt 0:00:17]} Rxc1+ {[%emt 0:00:01]} 36. Kh2 {[%emt 0:00:01]} Ra1 {[%emt 0:00:40]} 37. Rb8+ {[%emt 0:01:30]} Kg7 {[%emt 0:00:02]} 38. Rb7 {[%emt 0:00:13]} Kg6 {[%emt 0:00:24]} 39. f4 {[%emt 0:00:57]} Nc4 {[%emt 0:00:47]} 40. Nc6 {[%emt 0:00:00]} Rxa4 {[%emt 0:00:00]} 41. Rb8 {[%emt 0:03:42]} Nxe3 {[%emt 0:09:21]} 42. Ne7+ {[%emt 0:00:29]} Kh5 {[%emt 0:01:22]} 43. Rh8 {[%emt 0:02:07]} Ra2 {[%emt 0:02:26]} 44. Rg8 {[%emt 0:00:28]} d4 {[%emt 0:02:44]} 45. Rg7 {[%emt 0:02:13]} d3 {[%emt 0:03:20]} 46. Ng8 {[%emt 0:00:36]} Rxg2+ {[%emt 0:02:18]} 0-1

[Event "54th Rubinstein Memorial-A 2018"]
[Site "Polanica-Zdroj"]
[Date "2018.08.22"]
[Round "5"]
[White "Budnik, Mateusz"]
[Black "Lapaj, Mateusz"]
[Result "0-1"]
[WhiteElo "2003"]
[BlackElo "2198"]
[Annotator "NA"]
[PlyCount "54"]
[EventDate "2018.08.18"]
[EventType "swiss"]
[EventCountry "POL"]
[SourceTitle "playchess.com"]
[Source "ChessBase"]
[SourceQuality "1"]
[TimeControl "40/5400+30:1800+30"]

1. e4 {[%emt 0:03:46]} e6 {[%emt 0:00:00]} 2. d4 {[%emt 0:00:14]} d5 {[%emt 0:00:00]} 3. e5 {[%emt 0:00:15]} c5 {[%emt 0:00:00]} 4. c3 {[%emt 0:00:04]} Nc6 {[%emt 0:00:00]} 5. Nf3 {[%emt 0:00:07]} Bd7 {[%emt 0:00:05]} 6. a3 {[%emt 0:00:14]} f6 {[%emt 0:00:05]} 7. exf6 {[%emt 0:00:46]} Nxf6 {[%emt 0:00:05]} 8. b4 {[%emt 0:00:19]} c4 {[%emt 0:01:04]} 9. Bg5 {[%emt 0:03:48]} Bd6 {[%emt 0:02:29]} 10. Be2 {[%emt 0:03:14]} O-O {[%emt 0:03:10]} 11. O-O {[%emt 0:00:51]} Qc7 {[%emt 0:04:22]} 12. Nbd2 {[%emt 0:01:29]} Be8 {[%emt 0:18:02]} 13. Re1 {[%emt 0:07:49]} Bg6 {[%emt 0:13:07]} 14. Nxc4 {[%emt 0:06:49]} dxc4 {[%emt 0:01:06]} 15. Bxc4 {[%emt 0:00:06]} Ne4 {[%emt 0:08:10]} 16. Bxe6+ {[%emt 0:02:02]} Kh8 {[%emt 0:00:01]} 17. Qc1 {[%emt 0:04:46]} Rxf3 {[%emt 0:37:50]} 18. gxf3 {[%emt 0:01:15]} Bxh2+ {[%emt 0:00:02]} 19. Kf1 {[%emt 0:01:54]} Nxf2 {[%emt 0:00:27]} 20. Kxf2 {[%emt 0:02:00]} Qg3+ {[%emt 0:00:01]} 21. Ke2 {[%emt 0:00:21]} Re8 {[%emt 0:01:20]} 22. Qe3 {[%emt 0:02:00]} Qg2+ {[%emt 0:00:10]} 23. Qf2 {[%emt 0:00:50]} Bd3+ {[%emt 0:07:04]} 24. Ke3 {[%emt 0:00:19]} Rxe6+ {[%emt 0:00:16]} 25. Kxd3 {[%emt 0:00:05]} Qxf2 {[%emt 0:00:04]} 26. Rxe6 {[%emt 0:00:16]} Qxf3+ {[%emt 0:00:04]} 27. Kc4 {[%emt 0:00:53]} b5+ {[%emt 0:01:14]} 0-1

[Event "54th Rubinstein Memorial-A 2018"]
[Site "Polanica-Zdroj"]
[Date "2018.08.22"]
[Round "5"]
[White "Rosicki, Marcin"]
[Black "Kumala, Aleksander"]
[Result "1/2-1/2"]
[WhiteElo "2002"]
[BlackElo "2238"]
[Annotator "NA"]
[PlyCount "75"]
[EventDate "2018.08.18"]
[EventType "swiss"]
[EventCountry "POL"]
[SourceTitle "playchess.com"]
[Source "ChessBase"]
[SourceQuality "1"]
[TimeControl "40/5400+30:1800+30"]

1. e4 {[%emt 0:00:00]} Nf6 {[%emt 0:00:00]} 2. Nc3 {[%emt 0:00:00]} d5 {[%emt 0:00:00]} 3. exd5 {[%emt 0:00:00]} Nxd5 {[%emt 0:00:00]} 4. Bc4 {[%emt 0:00:05]} Nb6 {[%emt 0:00:00]} 5. Bb3 {[%emt 0:00:03]} Nc6 {[%emt 0:00:00] LiveBook: 147 Games} 6. Nf3 {[%emt 0:00:38]} Bf5 {[%emt 0:03:40]} 7. d3 {[%emt 0:00:16]} e6 {[%emt 0:00:37]} 8. Bf4 {[%emt 0:01:00]} Be7 {[%emt 0:05:23]} 9. a4 {[%emt 0:01:11]} a6 {[%emt 0:26:47]} 10. a5 {[%emt 0:09:37]} Nd5 {[%emt 0:01:40]} 11. Nxd5 {[%emt 0:10:03]} exd5 {[%emt 0:00:08]} 12. Ba4 {[%emt 0:01:01]} O-O {[%emt 0:00:34]} 13. Bxc6 {[%emt 0:01:00]} bxc6 {[%emt 0:00:10]} 14. O-O $11 {[%emt 0:00:38]} Bg4 {[%emt 0:10:57]} 15. h3 {[%emt 0:05:25]} Bh5 {[%emt 0:00:47]} 16. g4 {[%emt 0:00:07]} Bg6 {[%emt 0:00:04]} 17. Ne5 {[%emt 0:00:28]} Bf6 {[%emt 0:02:03]} 18. Re1 {[%emt 0:06:11]} Bxe5 {[%emt 0:02:04]} 19. Rxe5 {[%emt 0:01:10]} Qb8 {[%emt 0:02:11]} 20. b3 {[%emt 0:03:02]} Qb4 {[%emt 0:03:01]} 21. Qd2 {[%emt 0:00:11]} Qxd2 {[%emt 0:00:30]} 22. Bxd2 {[%emt 0:00:03]} Rfe8 {[%emt 0:02:34]} 23. Rae1 {[%emt 0:00:08]} f6 {[%emt 0:03:13]} 24. Rxe8+ {[%emt 0:00:15]} Rxe8 {[%emt 0:00:05]} 25. Rxe8+ {[%emt 0:00:03]} Bxe8 {[%emt 0:00:05]} 26. Bf4 {[%emt 0:00:05]} c5 {[%emt 0:00:07]} 27. Bxc7 {[%emt 0:00:09]} Bf7 {[%emt 0:00:06]} 28. f4 {[%emt 0:07:43]} c4 {[%emt 0:00:21]} 29. Kf2 {[%emt 0:00:15]} cxb3 {[%emt 0:00:44]} 30. cxb3 {[%emt 0:00:05]} Be8 {[%emt 0:00:14]} 31. Ke3 {[%emt 0:01:00]} Kf7 {[%emt 0:00:04]} 32. Kd4 {[%emt 0:00:22]} Bb5 {[%emt 0:00:04]} 33. Bd6 {[%emt 0:01:52]} Ke6 {[%emt 0:00:16]} 34. Bf8 {[%emt 0:00:42]} g6 {[%emt 0:00:17]} 35. Kc3 {[%emt 0:00:31]} f5 {[%emt 0:00:55]} 36. gxf5+ {[%emt 0:01:26]} Kxf5 {[%emt 0:00:56]} 37. Bd6 {[%emt 0:00:35]} g5 {[%emt 0:00:21]} 38. fxg5 {[%emt 0:00:06] Ke5} 1/2-1/2

[Event "54th Rubinstein Memorial-A 2018"]
[Site "Polanica-Zdroj"]
[Date "2018.08.21"]
[Round "5"]
[White "Vanduyfhuys, Daria"]
[Black "Zaleski, Lukasz"]
[Result "1/2-1/2"]
[WhiteElo "1878"]
[BlackElo "2164"]
[Annotator "NA"]
[PlyCount "86"]
[EventDate "2018.08.18"]
[EventType "swiss"]
[EventCountry "POL"]
[SourceTitle "playchess.com"]
[Source "ChessBase"]
[SourceQuality "1"]
[TimeControl "40/5400+30:1800+30"]

1. d4 {[%emt 0:00:00]} e6 {[%emt 0:00:00]} 2. c4 {[%emt 0:00:00]} Nf6 {[%emt 0:00:07]} 3. Nf3 {[%emt 0:00:00]} Bb4+ {[%emt 0:00:31]} 4. Bd2 {[%emt 0:00:19]} Qe7 {[%emt 0:00:22]} 5. g3 {[%emt 0:00:32]} O-O {[%emt 0:01:40]} 6. Nc3 {[%emt 0:00:28]} d6 {[%emt 0:02:19]} 7. Bg2 {[%emt 0:01:31]} Bxc3 {[%emt 0:05:17]} 8. Bxc3 {[%emt 0:00:14]} Ne4 {[%emt 0:00:59]} 9. Qc2 {[%emt 0:01:29]} f5 {[%emt 0:00:47]} 10. O-O {[%emt 0:01:21]} Nd7 {[%emt 0:02:18]} 11. Nd2 {[%emt 0:04:17]} Nxc3 {[%emt 0:00:33]} 12. Qxc3 {[%emt 0:00:09]} e5 {[%emt 0:04:01]} 13. e4 {[%emt 0:05:32]} f4 {[%emt 0:04:19]} 14. d5 {[%emt 0:04:38]} a5 {[%emt 0:02:14]} 15. Bh3 {[%emt 0:05:11]} Nc5 {[%emt 0:09:18]} 16. Bxc8 {[%emt 0:00:20]} Rfxc8 {[%emt 0:00:35]} 17. b3 {[%emt 0:01:12]} c6 {[%emt 0:07:45]} 18. gxf4 {[%emt 0:15:01]} exf4 {[%emt 0:00:19]} 19. Rae1 {[%emt 0:00:35]} Re8 {[%emt 0:10:33]} 20. Kh1 {[%emt 0:06:20]} Qe5 {[%emt 0:01:44]} 21. Qxe5 {[%emt 0:04:29]} Rxe5 {[%emt 0:00:18]} 22. f3 {[%emt 0:01:53]} Nd3 {[%emt 0:08:35]} 23. Rd1 {[%emt 0:01:45]} c5 {[%emt 0:02:18]} 24. Nb1 {[%emt 0:02:30]} Nb4 {[%emt 0:00:07]} 25. Nc3 {[%emt 0:00:38]} Nc2 {[%emt 0:01:11]} 26. Rd2 {[%emt 0:03:05]} Nd4 {[%emt 0:01:27]} 27. Ne2 {[%emt 0:00:46]} Nxe2 {[%emt 0:00:19]} 28. Rxe2 {[%emt 0:00:04]} g5 {[%emt 0:02:39]} 29. h4 {[%emt 0:07:59]} a4 {[%emt 0:06:34]} 30. b4 {[%emt 0:02:13]} cxb4 {[%emt 0:07:20]} 31. Rb2 {[%emt 0:00:07]} g4 {[%emt 0:06:09]} 32. fxg4 {[%emt 0:08:05]} Rxe4 {[%emt 0:00:19]} 33. Rxb4 {[%emt 0:00:21]} f3 {[%emt 0:05:12]} 34. Rxf3 {[%emt 0:00:30]} Rxg4 {[%emt 0:00:34]} 35. Rf6 {[%emt 0:01:07]} Re8 {[%emt 0:02:55]} 36. Rxd6 {[%emt 0:03:17]} h5 {[%emt 0:04:11]} 37. Re6 {[%emt 0:05:54]} Rxh4+ {[%emt 0:00:24]} 38. Kg2 {[%emt 0:00:06]} Rxe6 {[%emt 0:01:47]} 39. dxe6 {[%emt 0:00:05]} Re4 {[%emt 0:00:24]} 40. Rxa4 Rxe6 {[%emt 0:00:00]} 41. Ra8+ {[%emt 0:04:04]} Kf7 {[%emt 0:00:40]} 42. Ra7 {[%emt 0:00:10]} Kf6 {[%emt 0:01:10]} 43. Rxb7 {[%emt 0:00:29]} Re2+ {[%emt 0:00:10]} 1/2-1/2

[Event "54th Rubinstein Memorial-A 2018"]
[Site "Polanica-Zdroj"]
[Date "2018.08.22"]
[Round "5"]
[White "Luberanski, Jakub"]
[Black "Dzikowski, Michal"]
[Result "1-0"]
[WhiteElo "1763"]
[BlackElo "2155"]
[Annotator "NA"]
[PlyCount "81"]
[EventDate "2018.08.18"]
[EventType "swiss"]
[EventCountry "POL"]
[SourceTitle "playchess.com"]
[Source "ChessBase"]
[SourceQuality "1"]
[TimeControl "40/5400+30:1800+30"]

1. e4 {[%emt 0:00:00]} c6 {[%emt 0:00:00]} 2. d4 {[%emt 0:00:00]} d5 {[%emt 0:00:00]} 3. Nc3 {[%emt 0:00:00]} dxe4 {[%emt 0:00:00]} 4. Nxe4 {[%emt 0:00:00]} Bf5 {[%emt 0:00:00]} 5. Ng3 {[%emt 0:00:00]} Bg6 {[%emt 0:00:00]} 6. h4 {[%emt 0:00:00]} h6 {[%emt 0:00:00]} 7. Nf3 {[%emt 0:00:00]} Nd7 {[%emt 0:00:28]} 8. h5 {[%emt 0:00:07]} Bh7 {[%emt 0:00:05]} 9. Bd3 {[%emt 0:00:02]} Bxd3 {[%emt 0:00:07]} 10. Qxd3 {[%emt 0:00:04]} e6 {[%emt 0:00:16]} 11. Bd2 {[%emt 0:00:23]} Ngf6 {[%emt 0:01:04]} 12. O-O-O {[%emt 0:00:42]} Qc7 {[%emt 0:01:16]} 13. Ne4 {[%emt 0:00:46]} Nxe4 {[%emt 0:01:19]} 14. Qxe4 {[%emt 0:00:55]} Nf6 {[%emt 0:01:44]} 15. Qe2 {[%emt 0:00:25]} O-O-O {[%emt 0:03:31]} 16. g3 {[%emt 0:02:22]} Bd6 {[%emt 0:09:56]} 17. c4 {[%emt 0:05:11]} c5 {[%emt 0:02:59]} 18. Bc3 {[%emt 0:02:28]} cxd4 {[%emt 0:06:52]} 19. Bxd4 {[%emt 0:03:13]} Be7 {[%emt 0:13:45]} 20. Ne5 {[%emt 0:05:45]} Bd6 {[%emt 0:01:49]} 21. Kb1 {[%emt 0:01:21]} Bxe5 {[%emt 0:03:12]} 22. Bxe5 {[%emt 0:00:15]} Qc5 {[%emt 0:00:45]} 23. Rde1 {[%emt 0:09:04]} Ne8 {[%emt 0:13:05]} 24. g4 {[%emt 0:06:43]} f6 {[%emt 0:07:42]} 25. Bc3 {[%emt 0:00:24]} Nc7 {[%emt 0:02:39]} 26. f4 {[%emt 0:09:58]} Rd7 {[%emt 0:02:09]} 27. Reg1 {[%emt 0:02:58]} Rhd8 {[%emt 0:01:51]} 28. Qe4 {[%emt 0:04:45]} Rd3 {[%emt 0:03:19]} 29. g5 {[%emt 0:11:54]} Re3 {[%emt 0:15:05]} 30. Qc2 {[%emt 0:02:57]} hxg5 {[%emt 0:06:47]} 31. fxg5 {[%emt 0:00:05]} Rh3 {[%emt 0:02:27]} 32. gxf6 {[%emt 0:01:42]} gxf6 {[%emt 0:00:02]} 33. Bxf6 {[%emt 0:01:07]} Rf8 {[%emt 0:00:15]} 34. Be7 {[%emt 0:01:24]} Qxe7 {[%emt 0:02:00]} 35. Rxh3 {[%emt 0:00:03]} Qc5 {[%emt 0:00:24]} 36. Rgh1 {[%emt 0:00:43]} Rf2 {[%emt 0:00:20]} 37. Qd3 {[%emt 0:01:26]} Qe5 {[%emt 0:00:18]} 38. Qc3 {[%emt 0:02:58]} Qe4+ {[%emt 0:00:56]} 39. Ka1 {[%emt 0:00:21]} Qf5 {[%emt 0:00:28]} 40. a3 {[%emt 0:00:00]} Na6 {[%emt 0:00:00]} 41. h6 {[%emt 0:01:10]} 1-0

[Event "54th Rubinstein Memorial-A 2018"]
[Site "Polanica-Zdroj"]
[Date "2018.08.23"]
[Round "6"]
[White "Shishkin, Vadim"]
[Black "Bilczewski, Kacper"]
[Result "0-1"]
[WhiteElo "2461"]
[BlackElo "2089"]
[Annotator "TA"]
[PlyCount "80"]
[EventDate "2018.08.18"]
[EventType "swiss"]
[EventCountry "POL"]
[SourceTitle "playchess.com"]
[Source "ChessBase"]
[SourceQuality "1"]

{[%evp 26,80,72,82,124,120,109,120,133,87,90,0,0,0,0,0,0,-22,-27,-33,-58,-503,-507,-508,-487,-476,-288,-307,-314,-308,-312,-312,-313,-298,-290,-310,-296,-595,-520,-1843,-1602,-6244,-6137,-5243,-4914,-2076,-937,-925,-926,-2068,-880,-897,-892,-944,-924,-2973,-2220]} 1. d4 d5 2. c4 e6 3. Nf3 Nf6 4. Nc3 c6 5. Bg5 dxc4 6. a4 Bb4 7. e4 {[%cal Be2e4,Be4e5,Be5f6,Bf6g7][%mdl 32]} b5 8. e5 h6 9. exf6 hxg5 10. fxg7 Rg8 11. g3 g4 {D44: Semi-Slav: Botvinnik System} (11... Bb7 12. Bg2 c5 13. O-O g4 14. axb5 gxf3 15. Bxf3 Bxf3 16. Qxf3 Nd7 17. dxc5 Bxc3 18. bxc3 Nxc5 19. Rfd1 Qc8 20. Rd6 Qb7 21. Qh5 Rc8 22. Rc6 Nd3 23. Rxc8+ Qxc8 24. Rxa7 {1-0 (24) Kramnik,V (2766)-Carlsen,M (2690) Monte Carlo 2007}) 12. Ne5 Qd5 13. Rg1 Qe4+ 14. Be2 {LiveBook: 3 Games. Strongly threatening Kf1.} Rxg7 {[#] And now ...f6 would win.} 15. Kf1 $1 {[%csl LRb5,LRe4,LRg4]} Bxc3 16. bxc3 {Hoping for axb5.} f5 {[#] next ...Nd7 is good for Black.} 17. Qd2 $146 ({Predecessor:} 17. f3 Qe3 18. fxg4 Nd7 19. gxf5 Nxe5 20. dxe5 Qxe5 21. axb5 {½-½ (44) Esen,B (2513)-Yakovich,Y (2575) Ankara 2010}) 17... Nd7 18. f3 (18. Qh6 $16 Nxe5 19. Qxg7) 18... Qd5 $11 19. Qe3 Bb7 20. fxg4 fxg4 21. Qh6 Rg8 22. Qh5+ Kd8 23. Bxg4 $2 {[%mdl 8192]} (23. Qh7 $15 Kc7 24. Qxd7+ Qxd7 25. Nxd7 Kxd7 26. Rg2) 23... Nxe5 $19 24. dxe5 {Threatens to win with Rd1.} Rf8+ 25. Ke1 Qe4+ 26. Be2 {[#]} Kc7 $1 {White must now prevent ...Qe3.} ({Weaker is} 26... Qe3 27. Qh4+ Kc7 28. Qd4 $17) 27. Qh4 Qxe5 ({Not} 27... Qe3 28. Qd4 $17) 28. Qd4 Qxd4 29. cxd4 Rad8 30. h4 Rxd4 31. g4 $2 (31. Rb1) 31... b4 {Black is clearly winning.} 32. h5 (32. Rd1 $142 Rdf4 33. Rc1) 32... c3 33. Rg3 Re4 {( -> ...Ba6)} 34. Kd1 Rd8+ 35. Rd3 Rxd3+ (35... Ba6 $142 36. Rxd8 Bxe2+ 37. Kc2 Kxd8) 36. Bxd3 Rxg4 37. Kc2 Rh4 38. Rg1 Rxh5 39. Rg7+ Kb6 40. Re7 a5 {Precision: White = 26%, Black = 79%.} 0-1

[Event "54th Rubinstein Memorial-A 2018"]
[Site "Polanica-Zdroj"]
[Date "2018.08.23"]
[Round "6"]
[White "Stachowiak, Kamil"]
[Black "Klepek, Witold"]
[Result "1/2-1/2"]
[WhiteElo "2447"]
[BlackElo "2139"]
[Annotator "TA"]
[PlyCount "87"]
[EventDate "2018.08.18"]
[EventType "swiss"]
[EventCountry "POL"]
[SourceTitle "playchess.com"]
[Source "ChessBase"]
[SourceQuality "1"]

{[%evp 17,87,14,16,11,0,2,15,16,16,16,13,0,25,0,0,-37,-38,-30,10,8,92,28,35,32,50,23,36,37,64,43,47,43,44,20,20,18,20,14,15,19,16,13,12,2,8,4,12,9,8,0,0,0,0,0,0,0,2,0,10,-10,7,-1,0,-8,0,0,0,0,0,0,10,0]} 1. c4 Nf6 2. Nc3 e6 3. d4 d5 4. Bg5 Bb4 5. Qa4+ Nc6 6. Nf3 h6 7. Bxf6 Qxf6 8. e3 O-O {D38: Queen's Gambit Declined: Ragozin Defence (4 Nf3 Bb4)} 9. Rc1 (9. Be2 dxc4 10. O-O Bd7 11. Bxc4 Bxc3 12. bxc3 Rfd8 13. Qa3 Qe7 14. Qxe7 Nxe7 15. Rab1 b6 16. Ne5 {½-½ (39) Karjakin,S (2782)-Aronian,L (2764) Stavanger 2018}) 9... Qg6 {LiveBook: 40 Games} 10. Qb3 $146 ({Predecessor:} 10. Qc2 Qxc2 11. Rxc2 Rd8 12. a3 Bf8 13. Nb5 Rd7 14. h4 a6 15. Nc3 Rd8 16. g4 {1-0 (44) L'Ami,E (2611)-Movsesian,S (2671) Heraklio 2017}) 10... Rd8 11. a3 dxc4 12. Qxc4 Bd6 13. g3 e5 14. d5 Na5 15. Qb5 b6 16. Bg2 Bd7 17. Qe2 c5 18. dxc6 Nxc6 (18... Bxc6 $11 {remains equal.} 19. O-O Qe6) 19. O-O (19. Nh4 $16 Qg5 20. Bd5) 19... Rac8 $11 20. Rfd1 Bb8 21. Qa6 {[#] And now Rxd7! would win.} Be6 22. Nh4 Qf6 23. Nd5 Bxd5 $1 24. Rxd5 Ne7 25. Rxd8+ Rxd8 {The position is equal.} 26. Be4 Qe6 27. Qb5 g6 28. Nf3 Qd7 29. Qb3 Kg7 30. Rc2 f5 31. Rd2 Qc8 {[#] White must now prevent ...Qc1+.} (31... Qe8 {is interesting.} 32. Rxd8 Qxd8 33. Bd3 Qd5 34. Qxd5 Nxd5 35. e4 Nf6) 32. Rxd8 Qxd8 33. Bb1 (33. Bd3 {feels hotter.} Qd5 34. Qxd5 Nxd5 35. e4 Ne7 36. Kf1) 33... Qd5 34. Qxd5 Nxd5 {[%mdl 4096] Endgame KBN-KBN} 35. e4 Ne7 36. Kf1 Kf6 37. Ke2 Bd6 38. Nd2 Bc5 39. b4 Bd4 40. Nc4 Ke6 41. b5 Nc8 42. h4 f4 43. Ba2 {Threatens to win with Nxb6+.} Kd7 44. g4 {Precision: White = 43%, Black = 49%.} 1/2-1/2